00392nam a2200157Ia 45000010006000000050017000060080041000230410008000640820019000721000024000912450066001152600009001813000028001906500008002186540008002261301820260306163023.0260306t2006||||xx |||||||||||||| ||spa|| aESP aRD 657.03bG79 aGreco, OrlandoeAUT 0aDiccionario contable y comercial :bterminología bilingüe c2006 a327 páginas :c23 cm. aGEN aCCO